Hindu Immigrants in England and Wales Quiz Stats

 Plays Quiz not verified by Sporcle

Challenge
Share
Tweet
Embed
Score 0/30 Timer 05:00
0 Plays Today
Number of Hindu Immigrants in E+W Country % Correct
297,901India
97.6%
1,363USA
85.7%
63,647Sri Lanka
85.7%
27,704Nepal
85.7%
1,453Pakistan
85.7%
509Canada
83.3%
2,602China
81%
1,967France
81%
3,524Germany
81%
23,756Uganda
81%
3,368Malaysia
78.6%
2,877Bangladesh
78.6%
51,211Kenya
78.6%
3,197South Africa
76.2%
1,789Guyana
76.2%
Number of Hindu Immigrants in E+W Country % Correct
13,424Tanzania
73.8%
1,773Trinidad and Tobago
71.4%
805Zimbabwe
71.4%
969Fiji
71.4%
735Ireland
69%
505Netherlands
69%
1,169Singapore
66.7%
15,030Mauritius
66.7%
1,409Afghanistan
61.9%
1,889Zambia
61.9%
1,775Malawi
61.9%
530UAE
57.1%
1,653Mozambique
54.8%
779Portugal
38.1%
1,593Yemen
23.8%

You're not logged in!

Compare scores with friends on all Sporcle quizzes.
OR
Log In

You Might Also Like...

Show Comments

Extras

Top Quizzes Today


Score Distribution

Your Account Isn't Verified!

In order to create a playlist on Sporcle, you need to verify the email address you used during registration. Go to your Sporcle Settings to finish the process.

Report this User

Report this user for behavior that violates our Community Guidelines.

Details: